<?xml version="1.0" encoding="UTF-8"?>
<record
    xmlns:xsi="http://www.w3.org/2001/XMLSchema-instance"
    xsi:schemaLocation="http://www.loc.gov/MARC21/slim http://www.loc.gov/standards/marcxml/schema/MARC21slim.xsd"
    xmlns="http://www.loc.gov/MARC21/slim">

  <leader>00750nam a2200205Ia 4500</leader>
  <controlfield tag="001">17612</controlfield>
  <controlfield tag="003">GE_BSU</controlfield>
  <controlfield tag="008">181216s||||||||xx |||||||||||||| ||und||</controlfield>
  <datafield tag="040" ind1=" " ind2=" ">
    <subfield code="c">GE_BSU</subfield>
  </datafield>
  <datafield tag="080" ind1=" " ind2=" ">
    <subfield code="a">624.15(035.5)</subfield>
  </datafield>
  <datafield tag="245" ind1=" " ind2=" ">
    <subfield code="a">&#x421;&#x43F;&#x440;&#x430;&#x432;&#x43E;&#x447;&#x43D;&#x438;&#x43A; &#x43F;&#x440;&#x43E;&#x435;&#x43A;&#x442;&#x438;&#x440;&#x43E;&#x432;&#x449;&#x438;&#x43A;&#x430;: &#x441;&#x43B;&#x43E;&#x436;&#x43D;&#x44B;&#x435; &#x43E;&#x441;&#x43D;&#x43E;&#x432;&#x430;&#x43D;&#x438;&#x44F; &#x438; &#x444;&#x443;&#x43D;&#x434;&#x430;&#x43C;&#x435;&#x43D;&#x442;&#x44B;.</subfield>
  </datafield>
  <datafield tag="245" ind1=" " ind2=" ">
    <subfield code="c">&#x41F;&#x43E;&#x434; &#x440;&#x435;&#x434;. &#x42E;.&#x413;.&#x422;&#x440;&#x43E;&#x444;&#x438;&#x43C;&#x435;&#x43D;&#x43A;&#x43E;&#x432;&#x430;, &#x413;&#x43B;&#x430;&#x432;. &#x440;&#x435;&#x434;. &#x43A;&#x43E;&#x43B;. &#x441;&#x435;&#x440;&#x438;&#x438;  &#x410;.&#x41A;.&#x412;&#x43E;&#x43B;&#x44F;&#x43D;&#x441;&#x43A;&#x438;&#x439;, &#x413;.&#x413;.&#x421;&#x443;&#x434;&#x430;&#x43A;&#x43E;&#x432;, &#x418;.&#x412;.&#x418;&#x43E;&#x441;&#x435;&#x43B;&#x43E;&#x432;&#x441;&#x43A;&#x438;&#x439;  &#x438; &#x434;&#x440;.</subfield>
  </datafield>
  <datafield tag="260" ind1=" " ind2=" ">
    <subfield code="a">&#x41C;.</subfield>
  </datafield>
  <datafield tag="260" ind1=" " ind2=" ">
    <subfield code="b">&#x421;&#x440;&#x43E;&#x439;&#x438;&#x437;&#x434;&#x430;&#x442;.</subfield>
  </datafield>
  <datafield tag="260" ind1=" " ind2=" ">
    <subfield code="c">1960.</subfield>
  </datafield>
  <datafield tag="300" ind1=" " ind2=" ">
    <subfield code="a">271 &#x441;&#x442;&#x440;. &#x441; &#x438;&#x43B;&#x43B;. 26 &#x441;&#x43C;.</subfield>
  </datafield>
  <datafield tag="300" ind1=" " ind2=" ">
    <subfield code="e">&#x422;&#x430;&#x431;&#x43B;.</subfield>
  </datafield>
  <datafield tag="653" ind1=" " ind2=" ">
    <subfield code="a">&#x421;&#x43F;&#x440;&#x430;&#x432;&#x43E;&#x447;&#x43D;&#x438;&#x43A; &#x43F;&#x440;&#x43E;&#x435;&#x43A;&#x442;&#x438;&#x440;&#x43E;&#x432;&#x449;&#x438;&#x43A;&#x430;.</subfield>
  </datafield>
  <datafield tag="942" ind1=" " ind2=" ">
    <subfield code="c">BK</subfield>
  </datafield>
  <datafield tag="999" ind1=" " ind2=" ">
    <subfield code="c">50661</subfield>
    <subfield code="d">50661</subfield>
  </datafield>
  <datafield tag="952" ind1=" " ind2=" ">
    <subfield code="0">0</subfield>
    <subfield code="1">0</subfield>
    <subfield code="4">0</subfield>
    <subfield code="7">0</subfield>
    <subfield code="9">69328</subfield>
    <subfield code="d">2018-12-17</subfield>
    <subfield code="p">10328</subfield>
    <subfield code="r">2018-12-17</subfield>
    <subfield code="w">2018-12-17</subfield>
    <subfield code="y">BK</subfield>
  </datafield>
  <datafield tag="952" ind1=" " ind2=" ">
    <subfield code="0">0</subfield>
    <subfield code="1">0</subfield>
    <subfield code="4">0</subfield>
    <subfield code="7">0</subfield>
    <subfield code="9">69329</subfield>
    <subfield code="d">2018-12-17</subfield>
    <subfield code="p">10329</subfield>
    <subfield code="r">2018-12-17</subfield>
    <subfield code="w">2018-12-17</subfield>
    <subfield code="y">BK</subfield>
  </datafield>
</record>
